000 01037cab a2200265 4500
001 WB2816-34
008 090401t1992 xxu||||| |||| 00| 0 eng d
035 _a(Sirsi) u492
041 _aeng
245 _aSolicitors` duty of care
260 _c1992
350 _a0
490 _aEstates Gazette Case Summaries
_v1992 EGCS 50 (11/4/92)
520 _a"McManus Development Ltd v Barbridge Properties Ltd and another" CA 31 March 1992. Solicitors instructed by the plaintiff purchaser (M) were guilty of negligence in failing to provide a land registry file plan of the freehold, the extent of which had been misrepresented by B, the defendant, thus causing expense and delay in its redevelopment.
650 _aFENCING
650 _aMIDLAND BANK TRUST CO LTD V HETT STUBBS & KEMP
650 _aMISREPRESENTATION
650 _aNURSERY
650 _aPLANS
650 _aSAIF ALI V SYDNEY MITCHELL & CO
690 _aLAND
690 _aMANAGEMENT-BUSINESS MANAGEMENT-PROFESSIONAL PRACTICE
942 _n0
948 _c04/03/1997
999 _c219
_d219